00503nam a2200181Ia 4500008004100000020001800041082000800059100002700067245002000094250000600114260003000120300001000150500002400160650002300184942000700207952009000214999001700304230524s9999 xx 000 0 und d a9780143067078 bNIL aNandan Nilekani941749 0aImagining India a1 a New DelhibPenguinc2009 a531p; aQuantity Number: 1 aMisalliance941750 cBK 00104070aTATCLbTATCLcGENd2023-05-24l0o NILp53429r2023-05-24w2023-05-24yBK c56198d56198